| 000 | 00971nam a22002657a 4500 | ||
|---|---|---|---|
| 005 | 20240530110457.0 | ||
| 008 | 150615s2011 ua g 000 0 ara d | ||
| 017 |
_a2010/17219 _bمصر . دار الكتب المصرية |
||
| 040 | _aEG-CaGPL | ||
| 082 | 0 | 4 |
_221 _a953.071\ _bم غ |
| 100 | 0 | _aمحمد كرد على . | |
| 245 | 1 | 0 |
_aغابر الاندلس و حاضرها / _cتاليف محمد كرد على ؛ اعتنى به وقدم له سعيد ابراهيم . |
| 250 | _aط1. | ||
| 260 |
_aالقاهرة : _bمكتبة النافذة ، _c2011 . |
||
| 300 |
_a182 ص ؛ _c24 سم . |
||
| 490 | 0 |
_aاندلسيات ؛ _v3 |
|
| 650 | 0 | 4 | _aقصر الحمراء . |
| 650 | 0 | 4 | _aفتح الاندلس . |
| 650 | 0 | 4 | _aسقوط الاندلس . |
| 651 | 0 | 4 |
_aالاندلس _xتاريخ . |
| 651 | 0 | 4 |
_aغرناطة _xتاريخ . |
| 700 | 0 |
_aسعيد ابراهيم _eمقدم . |
|
| 942 |
_2ddc _cBK |
||
| 999 |
_c61397 _d61397 |
||